000 00827nam a22002537a 4500
001 3392
003 FISKH
005 20260227100211.0
008 240301b cb ||||| |||| 00| 0 eng d
040 _aFISK
_beng
_cFISK
_dFISK
050 _aPZ7.H7875
082 _a823.914
100 _aHorowitz Anthoky :
_d1955-
245 _aSkeleton key /
_cAnthony Horowitz
260 _aLondon :
_bPhilomel books,
_c2002
300 _a327 pages :
_c20 cm
490 _3Alex rider
505 _aM
520 _aReluctant teenage-spy Alex Rider, on a routine mission at the Wimbledon tennis championships, gets caught up in Chinese gangs, illegal nuclear weapons, and the suspect plans of his Russian host, General Sarov.
521 8 _a630
_bLexile
700 _aAnthony Horowitz
942 _2ddc
_cBK
_n0
999 _c3392
_d3392